| 000 | 00644nam a2200205 4500 | ||
|---|---|---|---|
| 001 | 114318 | ||
| 003 | ES-MaACL | ||
| 005 | 20251001141055.0 | ||
| 007 | t| | ||
| 008 | 061121s1931 sp r ||||1| spa d | ||
| 100 | 1 |
_aOrtiz Arce, David. _987577 |
|
| 245 | 1 | 0 |
_aProcedimientos judiciales / _cDavid Ortiz Arce, Faustino Menéndez Pidal y Montes. |
| 250 | _a2ª. ed. corr. y aum. | ||
| 260 |
_aMadrid : _bReus, _c1931. |
||
| 300 |
_a276 p. ; _c24 cm. |
||
| 500 | _aObra ajustada al programa de notarías de 1926. | ||
| 700 | 1 |
_aMenéndez Pidal, Faustino, _d1924- _980311 |
|
| 852 |
_aES-MaACL _jB-9519 _bR.19236 |
||
| 999 |
_c114318 _d114318 |
||